Ч. 3 (5248-8717); Библиография российской библиографии. 2009

Dettagli Bibliografici
Parent link:Библиография российской библиографии. 2009: государственный библиографический указатель Российской Федерации: в 4 ч./ Российская книжная палата. Ч. 3 (5248-8717).— , 2009-
Lingua:russo
Pubblicazione: 2010
Soggetti:
Natura: MixedMaterials Libro
KOHA link:https://koha.lib.tpu.ru/cgi-bin/koha/opac-detail.pl?biblionumber=189516

MARC

LEADER 00000nam2a2200000 4500
001 189516
005 20231101224218.0
035 |a (RuTPU)RU\TPU\book\206084 
035 |a RU\TPU\book\199201 
090 |a 189516 
100 |a 20101225d2010 k y0rusy50 ca 
101 0 |a rus 
102 |a RU 
105 |a y a 001zy 
200 0 |a Ч. 3 (5248-8717) 
210 |d 2010 
215 |a 576 с. 
320 |a Указатели: с. 327-414 
461 1 |0 (RuTPU)RU\TPU\book\197077  |t Библиография российской библиографии. 2009  |o государственный библиографический указатель Российской Федерации: в 4 ч.  |f Российская книжная палата  |v Ч. 3 (5248-8717)  |d 2009- 
606 1 |a Библиография российской библиографии  |2 stltpush  |3 (RuTPU)RU\TPU\subj\68827  |9 83949 
610 1 |a библиография 
610 1 |a библиографические пособия 
610 1 |a библиография библиографии 
610 1 |a Россия 
610 1 |a библиографические указатели 
610 1 |a ежегодники 
686 |a Я10  |v LBC/SL-A  |2 rubbk 
801 1 |a RU  |b 63413507  |c 20100820 
801 2 |a RU  |b 63413507  |c 20120720  |g RCR 
942 |c BK